1636 1526 1038 1009 1734 1805 1625 1835 1319 1493 1828 1885 1552 1730 1564 1780 1154 1767 1955 1561 1758 1217 1970 1410 1980 1800 1650 1917 1296 1692 1579 1060 1777 1926 1604 1421 1853 1745 1690 1111 1058 1478 1597 1910 1041 1753 1073 1352 1641 1583 1764 1606 1642 1439 1505 1001 1461 1271 1875 1951 1783 1536 1516 1707 1165 1400 1293 1546 1357 1266 1534 1426 1748 1053 1878 1539 1706 1518 1963 1378 1514 1057 1785 1742 1587 1004 1276 1116 1127 1648 1173 1667 1261 1101 1409 1351 1257 1731 1010 BCNSPRNW ULIB Ver.6.0+V

เปลี่ยนเป็นภาษาไทย

Change to English
 แสดงรายละเอียดบรรณานุกรม
  กลับหน้าหลัก

Brief Record : Get Marc (ISO 2709) : E-mail record : QR code < ปิดหน้าต่าง
LEADER : 00000nam 2200000uu 4500
001    13399120459
003     ULIB
008    120920s2545||||th 000 0 tha d
020    ^a9746344156
060 04 ^aWB290^bค961ก 2545
245 00 ^aการสัมภาษณ์ประวัติและตรวจร่างกาย(2545) /^cบรรณาธิการ, วิทยา ศรีดามา
250    ^aพิมพ์ครั้งที่ 10
260    ^aกรุงเทพฯ :^bโครงการตำราจุฬาอายุรศาสตร์ ภาควิชาอายุรศาสตร์คณะแพทยศาสตร์ จุฬาลงกรณ์มหาวิทยาลัย,^c2545
300    ^a[7], 379, xi หน้า :^bภาพประกอบ ;^c26 ซม
440  0 ^aโครงการตำราจุฬาอายุรศาสตร์ ;^vฉบับที่ 10
504    ^aบรรณานุกรม
650  7 ^aการตรวจร่างกาย
650  7 ^aการซักประวัติผู้ป่วย
650  7 ^aการวินิจฉัยโรค
700 0  ^aวิทยา ศรีดามา,^eบรรณาธิการ
710 2  ^aจุฬาลงกรณ์มหาวิทยาลัย. ^bภาควิชาอายุรศาสตร์
945    ^p0^l0^i10941
945    ^p0^l0^i10937
945    ^p0^l0^i10939
995    ^aกัณชพร
999 ^a ใช้งานได้ทุกระบบ
รายการนี้ยังไม่มีแท็ก
คุณยังไม่ได้ล็อกอิน คุณสามารถมีกิจกรรมร่วมกับเว็บไซต์ได้ แต่ต้องล็อกอินก่อน ::
  ล็อกอิน

รายการสื่อสารสนเทศ

ลำดับที่ ประเภท เลขเรียก/บาร์โค้ด สถานที่ สถานะ
1. วิทยาศาสตร์การแพทย์ และสุขภาพ
วิทยาศาสตร์การแพทย์ และสุขภาพ
WB290 ค961ก 2545  
  Barcode: 10941
ห้องสมุดวิทยาเขตสวรรค์ประชารักษ์
►หนังสือทั่วไป
บนชั้น
2. วิทยาศาสตร์การแพทย์ และสุขภาพ
วิทยาศาสตร์การแพทย์ และสุขภาพ
WB290 ค961ก 2545 ฉ.2 
  Barcode: 10937
ห้องสมุดวิทยาเขตสวรรค์ประชารักษ์
►หนังสือทั่วไป
บนชั้น
3. วิทยาศาสตร์การแพทย์ และสุขภาพ
วิทยาศาสตร์การแพทย์ และสุขภาพ
WB290 ค961ก 2545 ฉ.3 
  Barcode: 10939
ห้องสมุดวิทยาเขตสวรรค์ประชารักษ์
►หนังสือทั่วไป
บนชั้น

รายการใกล้เคียง
    หัวเรื่อง [การตรวจร่างกาย]
    หัวเรื่อง [การซักประวัติผู้ป่วย]
    หัวเรื่อง [การวินิจฉัยโรค]

BibComment


ยังไม่เคยถูกคอมเมนท์

คอมเมนท์ทรัพยากรรายการนี้
  คอมเมนท์: การสัมภาษณ์ประวั..


 Copyright 2026. Bcnsprnw @Library